[Event "IBCA-ol blind 13th"]
[Site "Heraklion"]
[Date "2008.10.20"]
[Round "2.4"]
[White "Jumabekov, Maxut"]
[Black "Damiani, Lorenzo"]
[Result "1-0"]
[WhiteElo "1400"]
[BlackElo "1400"]
[PlyCount "45"]
[EventDate "2008.10.19"]
[EventType "team-swiss"]
[EventRounds "9"]
[EventCountry "GRE"]
[SourceTitle "EXT 2010"]
[Source "ChessBase"]
[SourceDate "2010.11.25"]
[SourceVersion "1"]
[SourceVersionDate "2010.11.25"]
[SourceQuality "1"]
[WhiteTeam "Kazakhstan (blind)"]
[BlackTeam "Italy (blind)"]
[WhiteTeamCountry "KAZ"]
[BlackTeamCountry "ITA"]

1. d4 d5 2. c4 e6 3. Nc3 Nf6 4. cxd5 exd5 5. Bg5 Nbd7 6. e3 Be7 7. Bd3 0-0 8. h3 h6 9. Bf4 c6 10. Qc2 Re8 11. Nf3 Bb4 12. 0-0 Bxc3 13. bxc3 Ne4 14. Nd2 Ndf6 15. f3 Nxd2 16. Qxd2 Qe7 17. Rae1 b6 18. e4 dxe4 19. fxe4 Nh7 20. e5 Be6 21. Bxh6 gxh6 22. Qxh6 Nf8 23. Rf6 1-0

[Event "Castelfidardo op 5th"]
[Site "Castelfidardo"]
[Date "2001.11.24"]
[Round "4"]
[White "Fratini, Mauro"]
[Black "Damiani, Lorenzo"]
[Result "0-1"]
[WhiteElo "1455"]
[BlackElo "1549"]
[PlyCount "90"]
[EventDate "2001.11.17"]
[EventType "swiss"]
[EventRounds "6"]
[EventCountry "ITA"]
[SourceTitle "EXT 2007"]
[Source "ChessBase"]
[SourceDate "2006.11.23"]
[SourceVersion "1"]
[SourceVersionDate "2006.11.23"]
[SourceQuality "1"]

1. d4 d5 2. Nf3 e6 3. Bf4 Nf6 4. e3 c5 5. c3 Nc6 6. Nbd2 Be7 7. Bd3 Nh5 8. Bg3 cxd4 9. exd4 Nxg3 10. hxg3 g6 11. Qe2 Bf6 12. Ne5 Nxe5 13. dxe5 Bg7 14. f4 Bd7 15. Nf3 Qe7 16. Ng5 h6 17. Nf3 a6 18. a4 0-0 19. Nh2 Be8 20. Ng4 h5 21. Ne3 f5 22. exf6 Qxf6 23. Nc2 Bf7 24. 0-0-0 Rac8 25. Kb1 Rc5 26. Nd4 Rfc8 27. Rc1 e5 28. Nb3 R5c7 29. fxe5 Qxe5 30. Qf2 Qe8 31. Qf4 d4 32. cxd4 Rxc1+ 33. Rxc1 Bxb3 34. Rc3 Rxc3 35. bxc3 Qxa4 36. Bxg6 Qa2+ 37. Kc1 Qa1+ 38. Kd2 Qb2+ 39. Ke1 Qxc3+ 40. Kf2 Qxd4+ 41. Qe3 Qxe3+ 42. Kxe3 a5 43. Kd3 a4 44. Kd2 a3 45. Bb1 b5 0-1

[Event "Castelfidardo op 5th"]
[Site "Castelfidardo"]
[Date "2001.11.17"]
[Round "1"]
[White "Rinaudo, Sergio"]
[Black "Damiani, Lorenzo"]
[Result "1-0"]
[WhiteElo "1768"]
[BlackElo "1549"]
[PlyCount "75"]
[EventDate "2001.11.17"]
[EventType "swiss"]
[EventRounds "6"]
[EventCountry "ITA"]
[SourceTitle "EXT 2007"]
[Source "ChessBase"]
[SourceDate "2006.11.23"]
[SourceVersion "1"]
[SourceVersionDate "2006.11.23"]
[SourceQuality "1"]

1. d4 d5 2. Nf3 Nf6 3. e3 e6 4. Bd3 Nbd7 5. 0-0 c5 6. b3 Bd6 7. Bb2 0-0 8. c4 Re8 9. Nc3 dxc4 10. Bxc4 cxd4 11. Qxd4 Nb6 12. Bb5 Rf8 13. Rfd1 Be7 14. Qf4 Nbd5 15. Nxd5 exd5 16. Qe5 Be6 17. Ng5 Qb6 18. Be2 Bd6 19. Qc3 Rac8 20. Qd3 h6 21. Bxf6 hxg5 22. Bxg5 Qc7 23. f4 f6 24. Bh4 Qf7 25. Bf3 Bc5 26. Bf2 Qe8 27. Bxd5 Bxd5 28. Qxd5+ Rf7 29. e4 Bxf2+ 30. Kxf2 Rc2+ 31. Kg1 Kf8 32. a4 Re7 33. e5 Qc6 34. Qxc6 bxc6 35. Rac1 Rxc1 36. Rxc1 fxe5 37. fxe5 Rxe5 38. Rxc6 1-0